| 000 | 01036nam a2200229Ia 4500 | ||
|---|---|---|---|
| 003 | Ost | ||
| 005 | 20260416102350.0 | ||
| 008 | 260416s9999||||xx |||||||||||||| ||und|| | ||
| 040 | _cfsecg | ||
| 041 | _aara | ||
| 082 | _a1.6404 | ||
| 100 |
_aنوفيل، حديد _eمؤلف |
||
| 245 | 0 |
_aمدخل إلى الإعلام الآلي / _c حديد نوفيل |
|
| 260 |
_aالجزائر _bجامعة الجزائر3: كلية العلوم الإقتصادية، العلوم التجارية وعلوم التسيير _c2008 |
||
| 300 |
_a125 ورقة _bايضاحات _c30 سم |
||
| 520 | _aالمكونات المادية للحاسب، البرمجيات والخورزميات، شبكات الحاسبات | ||
| 653 | _aالاعلام الآلي | ||
| 653 | _aالبرمجة الآلية | ||
| 653 | _aالحاسبات الالكترونية | ||
| 710 |
_aجامعة الجزائر3: كلية العلوم الإقتصادية، العلوم التجارية وعلوم التسيير _eناشر علمي |
||
| 942 | _cHANDOUT | ||
| 999 |
_c40951 _d40951 |
||